China under the empress dowager (Record no. 553022)
[ view plain ]
| 000 -LEADER | |
|---|---|
| fixed length control field | 00920cam a2200193Ia 4500 |
| 082 ## - DEWEY DECIMAL CLASSIFICATION NUMBER | |
| Classification number | 951 |
| Author Mark | BLA |
| 245 00 - TITLE STATEMENT | |
| Title | China under the empress dowager |
| Remainder of title | being the history of the life and times of Tzǔ Hsi, compiled from state papers and the private diary of the comptroller of her household / |
| Statement of responsibility, etc. | by J.O.P. Bland and E. Backhouse. |
| 260 ## - PUBLICATION, DISTRIBUTION, ETC. | |
| Place of publication, distribution, etc. | Philadelphia : |
| Name of publisher, distributor, etc. | J.B. Lippincott Co., |
| Date of publication, distribution, etc. | 1910 |
| 300 ## - PHYSICAL DESCRIPTION | |
| Extent | 1 online resource (xv, 525, [1] p., [27] leaves of plates) : |
| Other physical details | ill., maps, ports., facsims. |
| 490 1# - SERIES STATEMENT | |
| Series statement | Nineteenth Century Collections Online (NCCO): Women: Transnational Networks |
| 500 ## - GENERAL NOTE | |
| General note | Includes index. |
| 500 ## - GENERAL NOTE | |
| General note | Reproduction of the original from the Smith College Library. |
| 526 ## - STUDY PROGRAM INFORMATION NOTE | |
| Program name | 0 |
| Interest level | 0 |
| Reading level | 0 |
| Title point value | 951_000000000000000_BLA |
| 650 ## - SUBJECT ADDED ENTRY--TOPICAL TERM | |
| Topical term or geographic name entry element | MCE |
| 9 (RLIN) | 379 |
| 700 1# - ADDED ENTRY--PERSONAL NAME | |
| Personal name | Backhouse, E. |
| 9 (RLIN) | 50298 |
| 700 1# - ADDED ENTRY--PERSONAL NAME | |
| Personal name | Bland, J. O. P. |
| 9 (RLIN) | 50299 |
| 856 40 - ELECTRONIC LOCATION AND ACCESS | |
| Uniform Resource Identifier | <a href="http://www.columbia.edu/cgi-bin/cul/resolve?clio10761516">http://www.columbia.edu/cgi-bin/cul/resolve?clio10761516</a> |
| 942 ## - ADDED ENTRY ELEMENTS (KOHA) | |
| Source of classification or shelving scheme | |
| Koha item type | Book |
| Withdrawn status | Lost status | Source of classification or shelving scheme | Damaged status | Not for loan | Permanent Location | Current Location | Shelving location | Date acquired | Total Checkouts | Full call number | Barcode | Date last seen | Price effective from | Koha item type |
|---|---|---|---|---|---|---|---|---|---|---|---|---|---|---|
| Military College of Engineering (MCE) | Military College of Engineering (MCE) | 01/28/2015 | 951 BLA | MCE-ECE .10 | 01/28/2015 | 01/28/2015 | Book |
